| 000 | 01033nam a2200253Ia 4500 | ||
|---|---|---|---|
| 001 | 8493 | ||
| 003 | GE_BSU | ||
| 008 | 181216s||||||||xx |||||||||||||| ||und|| | ||
| 020 | _a9992844205. | ||
| 040 | _cGE_BSU | ||
| 080 | _a821.353.1-92 | ||
| 100 | _aზაქარიაძე,ლაზარე. | ||
| 245 | _aმე თქვენ გიმღერებთ ზღაპრის ბიჭის ლამაზ სიმღერას (1987-1990) | ||
| 245 | _bმოკლე ჩანაწერები. | ||
| 245 | _cრედ:ხათუნა თავდგირიძე;მხატვ.რედ:გურამ გუჯაბიძე. | ||
| 260 | _aბათუმი. | ||
| 260 | _bაჭარა. | ||
| 260 | _c2000. | ||
| 300 | _a264გვ;20სმ. | ||
| 541 | _h10ლ. | ||
| 653 | _aმე თქვენ გიმღერებთ ზღაპრის ბიჭის ლამაზ სიმღერას | ||
| 653 | _aმოკლე ჩანაწერები. | ||
| 942 | _cBK | ||
| 999 |
_c41810 _d41810 |
||